| 000 -LEADER |
| fixed length control field |
02887cam a22004454a 4500 |
| 001 - CONTROL NUMBER |
| control field |
12307174 |
| 003 - CONTROL NUMBER IDENTIFIER |
| control field |
NUST |
| 005 - DATE AND TIME OF LATEST TRANSACTION |
| control field |
20170616103130.0 |
| 008 - FIXED-LENGTH DATA ELEMENTS--GENERAL INFORMATION |
| fixed length control field |
010212m20019999nyua b 001 0 eng |
| 010 ## - LIBRARY OF CONGRESS CONTROL NUMBER |
| LC control number |
2001020400 |
| Canceled/invalid LC control number |
2005926296 |
| 020 ## - INTERNATIONAL STANDARD BOOK NUMBER |
| International Standard Book Number |
0387987711 (alk. paper) |
| 020 ## - INTERNATIONAL STANDARD BOOK NUMBER |
| International Standard Book Number |
0387241450 (v. 2, pt. C) |
| 020 ## - INTERNATIONAL STANDARD BOOK NUMBER |
| International Standard Book Number |
9780387241456 (v. 2, pt. C) |
| 020 ## - INTERNATIONAL STANDARD BOOK NUMBER |
| International Standard Book Number |
9780387950419 (v. 3) |
| 020 ## - INTERNATIONAL STANDARD BOOK NUMBER |
| International Standard Book Number |
9780387950426 (v. 4) |
| 020 ## - INTERNATIONAL STANDARD BOOK NUMBER |
| International Standard Book Number |
9780387950433 (v. 5 : pts. AB) |
| 040 ## - CATALOGING SOURCE |
| Original cataloging agency |
DLC |
| Transcribing agency |
DLC |
| Modifying agency |
DLC |
| 042 ## - AUTHENTICATION CODE |
| Authentication code |
pcc |
| 050 00 - LIBRARY OF CONGRESS CALL NUMBER |
| Classification number |
QR81 |
| Item number |
.B46 2001 |
| 082 00 - DEWEY DECIMAL CLASSIFICATION NUMBER |
| Classification number |
579.3012 BER |
| Edition number |
21 |
| 245 00 - TITLE STATEMENT |
| Title |
Bergey's manual of systematic bacteriology / |
| Statement of responsibility, etc. |
George M. Garrity, editor-in-chief. |
| 246 30 - VARYING FORM OF TITLE |
| Title proper/short title |
Systematic bacteriology |
| 250 ## - EDITION STATEMENT |
| Edition statement |
2nd ed. |
| 260 ## - PUBLICATION, DISTRIBUTION, ETC. |
| Place of publication, distribution, etc. |
New York : |
| Name of publisher, distributor, etc. |
Springer, |
| Date of publication, distribution, etc. |
2001-<c2012> |
| 300 ## - PHYSICAL DESCRIPTION |
| Extent |
<v. 1-2, v. 3-5; in 7> : |
| Other physical details |
ill. ; |
| Dimensions |
29 cm. |
| 500 ## - GENERAL NOTE |
| General note |
Volume editor varies. |
| 500 ## - GENERAL NOTE |
| General note |
Vol. 3: Paul De Vos [and 7 others], editors. |
| 500 ## - GENERAL NOTE |
| General note |
Vol. 5: William B. Whitman, director of the editorial office; Aidan C. Parte, Managing editor. |
| 504 ## - BIBLIOGRAPHY, ETC. NOTE |
| Bibliography, etc. note |
Includes bibliographical references and indexes. |
| 505 1# - FORMATTED CONTENTS NOTE |
| Formatted contents note |
v. 1. The archaea and the deeply branching and phototrophic bacteria -- v. 2. The proteobacteria. pt. A. Introductory essays. pt. B. The gamaproteobacteria. pt. C. The alpha-, beta-, delta-, and epsilonproteobacteria -- v. 3 . The firmicutes -- -- v. 4. The bacteroidetes, spirochaetes, tenericutes (mollicutes), acidobacteria, fibrobacteres, fusobacteria, dictyoglomi, gemmatimonadetes, lentisphaerae, verrucomicrobia, chlamydiae, and planctomycetes -- v. 5. The actinobacteria (2 v.). |
| 650 #0 - SUBJECT ADDED ENTRY--TOPICAL TERM |
| Topical term or geographic name entry element |
Bacteria |
| Form subdivision |
Classification. |
| 9 (RLIN) |
2789 |
| 700 1# - ADDED ENTRY--PERSONAL NAME |
| Personal name |
Boone, David R. |
| 9 (RLIN) |
2790 |
| 700 1# - ADDED ENTRY--PERSONAL NAME |
| Personal name |
Castenholz, Richard W. |
| 9 (RLIN) |
2791 |
| 700 1# - ADDED ENTRY--PERSONAL NAME |
| Personal name |
Garrity, George M. |
| 9 (RLIN) |
2792 |
| 856 42 - ELECTRONIC LOCATION AND ACCESS |
| Materials specified |
Publisher description |
| Uniform Resource Identifier |
<a href="http://www.loc.gov/catdir/enhancements/fy0663/2001020400-d.html">http://www.loc.gov/catdir/enhancements/fy0663/2001020400-d.html</a> |
| 856 42 - ELECTRONIC LOCATION AND ACCESS |
| Materials specified |
Book review (E-STREAMS) |
| Uniform Resource Identifier |
<a href="http://www.e-streams.com/es0510/es0510_2122.htm">http://www.e-streams.com/es0510/es0510_2122.htm</a> |
| 856 41 - ELECTRONIC LOCATION AND ACCESS |
| Materials specified |
Table of contents only |
| Uniform Resource Identifier |
<a href="http://www.loc.gov/catdir/enhancements/fy0816/2001020400-t.html">http://www.loc.gov/catdir/enhancements/fy0816/2001020400-t.html</a> |
| 906 ## - LOCAL DATA ELEMENT F, LDF (RLIN) |
| a |
7 |
| b |
cbc |
| c |
orignew |
| d |
1 |
| e |
ocip |
| f |
20 |
| g |
y-gencatlg |
| 942 ## - ADDED ENTRY ELEMENTS (KOHA) |
| Source of classification or shelving scheme |
|
| Koha item type |
Book |
| Call number prefix |
IESE |